000 00385nam a2200157Ia 4500
003 Ost
005 20260225132559.0
008 260225s9999||||xx |||||||||||||| ||und||
040 _cfsic
041 _afre
082 _a302.23
100 _aRACHIDA ZOUAIKIA
_eAuteur
245 0 _aLes autorités de régulation financiére en Alger /
245 0 _cRACHIDA ZOUAIKIA
942 _cكتاب
999 _c34635
_d34635